01091nam a2200289 i 450000100060000000300090000600500170001500700030003200800410003502000180007608000100009408000210010410000420012524501170016725000120028426000810029630000220037749000240039950000480042350400320047165000550050365000390055883000320059785200330062999900170066295201220067968313ES-MaACL20230906170244.0t|040617s2003 sp ||||1| spa d a84-8103-312-X a398.8 a305-055.2(0:398)1 aSuárez Robaina, Juana Rosa.910865313aEl personaje mujer en el romancero tradicional b: (imagen, amor y ubicación) / cJuana Rosa Suárez Robaina. a1ª ed. aLas Palmas de Gran Canaria : bEdiciones del Cabildo de Gran Canaria,c2003. a302 p. ; c21 cm.1 aLengua y literatura aIncluye (p. 261-276) selección de textos. aBibliografía: p. 283-297.14aRomances-zEspaña-xHistoria y crítica.916936 4aMujeres-xEn la literatura.9152710 aLengua y literatura9230935 aES-MaACLjL-27983 bR.133825 c68313d68313 00104070aATENEOMbATENEOMcDEPO2d2008-01-17eSCl0oL-27983p1071512r2023-02-23 00:00:00w2023-02-23yMONOGRAFIA